[Event "FIDE World Cup"]
[Site "Tbilisi"]
[Date "2017.09.05"]
[Round "1.3"]
[White "Vallejo Pons, Francisco"]
[Black "Karthikeyan, Murali"]
[Result "1-0"]
[WhiteElo "2717"]
[BlackElo "2579"]
[PlyCount "59"]
[EventDate "2017.09.03"]
[EventType "k.o."]
[EventRounds "7"]
[EventCountry "GEO"]
[SourceTitle "CBM 181"]
[Source "ChessBase"]
[SourceDate "2017.11.10"]
[SourceVersion "1"]
[SourceVersionDate "2017.11.10"]
[SourceQuality "1"]

1. d4 Nf6 2. c4 e6 3. Nf3 d5 4. g3 Bb4+ 5. Bd2 Be7 6. Bg2 O-O 7. O-O c6 8. Bf4
b6 9. Nc3 Bb7 10. Ne5 Nbd7 11. e4 dxe4 12. Nxe4 Nxe5 13. Nxf6+ Bxf6 14. dxe5
Be7 15. h4 Qxd1 16. Rfxd1 Rfd8 17. a3 Kf8 18. b4 Ke8 19. Be4 h6 20. Be3 Rxd1+
21. Rxd1 Rd8 22. Rc1 Rb8 23. c5 b5 24. a4 bxa4 25. Ra1 a5 26. bxa5 Kd7 27. Rxa4
Ba6 28. h5 Rb3 29. Bg2 Bb5 30. a6 1-0

[Event "FIDE World Cup"]
[Site "Tbilisi"]
[Date "2017.09.05"]
[Round "1.3"]
[White "Yu, Yangyi"]
[Black "Pourramezanali, Amirreza"]
[Result "1-0"]
[WhiteElo "2744"]
[BlackElo "2533"]
[PlyCount "137"]
[EventDate "2017.09.03"]
[EventType "k.o."]
[EventRounds "7"]
[EventCountry "GEO"]
[SourceTitle "CBM 181"]
[Source "ChessBase"]
[SourceDate "2017.11.10"]
[SourceVersion "1"]
[SourceVersionDate "2017.11.10"]
[SourceQuality "1"]

1. Nf3 d5 2. g3 Bg4 3. Bg2 Nd7 4. O-O c6 5. h3 Bh5 6. d4 e6 7. c4 Ngf6 8. cxd5
cxd5 9. Nc3 Be7 10. Qb3 Bxf3 11. Bxf3 Qb6 12. e4 dxe4 13. Nxe4 O-O 14. Nxf6+
Bxf6 15. Be3 Rab8 16. d5 Qxb3 17. axb3 a6 18. dxe6 fxe6 19. Rad1 Ne5 20. Be4
Nc6 21. Rd7 Bxb2 22. Rfd1 e5 23. Bc5 Rfe8 24. b4 Bd4 25. Bd5+ Kh8 26. Rxb7 Rxb7
27. Bxc6 Rbb8 28. Bxe8 Rxe8 29. Bxd4 Rd8 30. Kf1 h6 31. Ke2 exd4 32. Kd3 Kh7
33. Rd2 g5 34. Kc4 Rf8 35. Kxd4 h5 36. Kc5 Rc8+ 37. Kb6 Rb8+ 38. Ka5 Rb5+ 39.
Ka4 Rf5 40. Rd7+ Kg8 41. Rd6 Kf7 42. Rxa6 Rxf2 43. b5 Ke7 44. Rg6 Rh2 45. b6
Kd7 46. Kb5 h4 47. Rxg5 hxg3 48. Rxg3 Kc8 49. Rb3 Kb7 50. Kc5 Rd2 51. h4 Rh2
52. Rb4 Rd2 53. Rd4 Rc2+ 54. Kd6 Kxb6 55. h5 Rh2 56. Rd5 Rh1 57. Kd7 Kb7 58.
Rb5+ Ka6 59. Kc6 Rh2 60. Rg5 Rc2+ 61. Kd7 Kb7 62. h6 Rh2 63. Rg6 Rd2+ 64. Ke8
Kc7 65. Rg7+ Kc8 66. h7 Rd8+ 67. Kf7 Rd7+ 68. Kg6 Rd6+ 69. Kh5 1-0

[Event "FIDE World Cup"]
[Site "Tbilisi"]
[Date "2017.09.05"]
[Round "1.4"]
[White "Antipov, Mikhail Al"]
[Black "Tomashevsky, Evgeny"]
[Result "1/2-1/2"]
[WhiteElo "2580"]
[BlackElo "2710"]
[PlyCount "188"]
[EventDate "2017.09.03"]
[EventType "k.o."]
[EventRounds "7"]
[EventCountry "GEO"]
[SourceTitle "CBM 181"]
[Source "ChessBase"]
[SourceDate "2017.11.10"]
[SourceVersion "1"]
[SourceVersionDate "2017.11.10"]
[SourceQuality "1"]

1. c4 Nf6 2. Nf3 c5 3. g3 b6 4. Bg2 Bb7 5. O-O e6 6. e3 Be7 7. d4 cxd4 8. exd4
d5 9. Ne5 O-O 10. Re1 Na6 11. Nc3 Nc7 12. Bf4 Rc8 13. Rc1 Ba8 14. Nb5 Nxb5 15.
cxb5 Bd6 16. Rxc8 Qxc8 17. Qa4 Qb8 18. Rc1 Bb7 19. Bg5 Rd8 20. Ng4 Be7 21. Bf4
Bd6 22. Bg5 Be7 23. Rc3 Rc8 24. Bf4 Qa8 25. Rxc8+ Qxc8 26. Ne5 a6 27. Bf1 a5
28. Nc6 Bf8 29. Qc2 Ne8 30. Bd3 g6 31. a4 Kg7 32. h4 Bd6 33. Bd2 Qc7 34. Kg2
Nf6 35. Qc1 Ng8 36. Bg5 Bxc6 37. bxc6 h6 38. Be3 h5 39. Bb5 Ne7 40. Bh6+ Kh7
41. Bg5 Kg7 42. Qc3 Nf5 43. Ba6 Ne7 44. Bb7 Nf5 45. Qd3 Be7 46. Bf4 Bd6 47. Bd2
Be7 48. Qa6 Bd6 49. Bc3 Ne7 50. Qa8 Nf5 51. Kf1 Be7 52. Bc8 Nd6 53. Ba6 Bf6 54.
Bd3 Be7 55. b4 Bd8 56. bxa5 bxa5 57. Kg2 Qb6 58. Bd2 Bc7 59. Bh6+ Kh7 60. Be3
Qb8 61. Qa6 Qb6 62. Qxb6 Bxb6 63. Bf4 Bc7 64. f3 Ne8 65. Bg5 Kg7 66. Ba6 Nd6
67. g4 f6 68. Bf4 Kf7 69. Bd3 Kg7 70. Kf1 Kf7 71. Ke2 Kg7 72. Ke3 Kf7 73. Bf1
Kg7 74. Kd3 Kf7 75. Bc1 Nc8 76. Ke3 Nd6 77. Ba6 Kg7 78. Kd3 Kf7 79. Bf4 Ke7 80.
Ke2 Kf7 81. Bd3 Kg7 82. g5 f5 83. Be5+ Kf7 84. Ke3 Ke7 85. Ba6 Kf7 86. Kd3 Ke7
87. Bc8 Kf7 88. Bd7 Ke7 89. Kc2 Kf7 90. Bc8 Ke7 91. Ba6 Kf7 92. Kd2 Ke7 93. Ke3
Kf7 94. Kf4 Ke7 1/2-1/2

[Event "FIDE World Cup"]
[Site "Tbilisi"]
[Date "2017.09.05"]
[Round "1.4"]
[White "Areshchenko, Alexander"]
[Black "Demchenko, Anton"]
[Result "1-0"]
[WhiteElo "2652"]
[BlackElo "2645"]
[PlyCount "159"]
[EventDate "2017.09.03"]
[EventType "k.o."]
[EventRounds "7"]
[EventCountry "GEO"]
[SourceTitle "CBM 181"]
[Source "ChessBase"]
[SourceDate "2017.11.10"]
[SourceVersion "1"]
[SourceVersionDate "2017.11.10"]
[SourceQuality "1"]

1. e4 e5 2. Nf3 Nc6 3. Bb5 a6 4. Ba4 d6 5. O-O Bd7 6. c4 Nf6 7. Nc3 Be7 8. Bxc6
Bxc6 9. Qc2 O-O 10. d4 exd4 11. Nxd4 Nd7 12. b3 Bf6 13. Nxc6 bxc6 14. Bb2 Re8
15. Rad1 Qe7 16. Rfe1 Be5 17. g3 g6 18. Kg2 Rab8 19. Ba3 Qe6 20. Ne2 c5 21. Qd2
a5 22. Nc3 Nb6 23. Nb5 Qc8 24. f4 Bg7 25. Qd3 Qb7 26. Qf3 a4 27. e5 dxe5 28.
Qxb7 Rxb7 29. Bxc5 axb3 30. axb3 e4 31. Nxc7 Rc8 32. Bxb6 Rxb6 33. Nb5 f5 34.
Rd7 Ra6 35. Re2 Bf8 36. Red2 Ra1 37. Rb7 Rca8 38. Nc3 R1a7 39. Rxa7 Rxa7 40.
Nd5 Kf7 41. b4 Ke6 42. c5 Ra3 43. c6 e3 44. c7 Ra8 45. Rc2 Kxd5 46. c8=Q Rxc8
47. Rxc8 Bxb4 48. Kf3 Ke6 49. Rh8 h5 50. Kxe3 Bc5+ 51. Kf3 Kf7 52. Rc8 Bd4 53.
Rc7+ Kg8 54. Ke2 Bg1 55. Rc1 Bd4 56. Kd3 Bf6 57. h3 Kf7 58. Rc7+ Kg8 59. Kc4
Bb2 60. Kd5 Ba1 61. Ke6 Bb2 62. Rc5 Kg7 63. Rc2 Bd4 64. Rg2 Bc3 65. Rc2 Bd4 66.
Rc7+ Kg8 67. Ke7 Kg7 68. Rd7 Bc3 69. Rd1 Bb2 70. Ke6 Bc3 71. Rc1 Bd4 72. Rc4
Bb2 73. Rc7+ Kg8 74. Rc2 Bd4 75. Rg2 Kf8 76. g4 fxg4 77. hxg4 Be3 78. gxh5 gxh5
79. f5 h4 80. f6 1-0

[Event "FIDE World Cup"]
[Site "Tbilisi"]
[Date "2017.09.05"]
[Round "1.4"]
[White "Bacallao Alonso, Yusnel"]
[Black "Fedoseev, Vladimir1"]
[Result "0-1"]
[WhiteElo "2573"]
[BlackElo "2731"]
[PlyCount "48"]
[EventDate "2017.09.03"]
[EventType "k.o."]
[EventRounds "7"]
[EventCountry "GEO"]
[SourceTitle "CBM 181"]
[Source "ChessBase"]
[SourceDate "2017.11.10"]
[SourceVersion "1"]
[SourceVersionDate "2017.11.10"]
[SourceQuality "1"]

1. b3 d5 2. Bb2 c5 3. e3 Nf6 4. Nf3 g6 5. Bxf6 exf6 6. d4 Nc6 7. Be2 Be6 8. O-O
Bd6 9. c3 O-O 10. Nbd2 cxd4 11. exd4 Rc8 12. c4 Bb4 13. c5 Bc3 14. Rc1 Bxd4 15.
b4 Bb2 16. Rb1 Bc3 17. Qa4 Bf5 18. b5 Qa5 19. Qf4 Nd4 20. Nxd4 Bxd2 21. Qf3
Bxb1 22. Rxb1 Rxc5 23. Qxf6 Qxa2 24. Rd1 Bc3 0-1

[Event "FIDE World Cup"]
[Site "Tbilisi"]
[Date "2017.09.05"]
[Round "1.4"]
[White "Batchuluun, Tsegmed"]
[Black "Adams, Michael"]
[Result "1/2-1/2"]
[WhiteElo "2555"]
[BlackElo "2738"]
[PlyCount "116"]
[EventDate "2017.09.03"]
[EventType "k.o."]
[EventRounds "7"]
[EventCountry "GEO"]
[SourceTitle "CBM 181"]
[Source "ChessBase"]
[SourceDate "2017.11.10"]
[SourceVersion "1"]
[SourceVersionDate "2017.11.10"]
[SourceQuality "1"]

1. d4 Nf6 2. c4 e6 3. Nf3 d5 4. Nc3 Be7 5. Bf4 O-O 6. e3 Nbd7 7. c5 c6 8. h3 b6
9. b4 a5 10. a3 h6 11. Qc1 Bb7 12. Bd3 Qc8 13. O-O Ba6 14. Bxa6 Qxa6 15. Qb2
Rfc8 16. Rfb1 Bd8 17. Bd6 axb4 18. axb4 Qb7 19. Rxa8 Rxa8 20. Ra1 Rxa1+ 21.
Qxa1 Ne8 22. Bg3 Bc7 23. Bxc7 Nxc7 24. Ne1 bxc5 25. bxc5 e5 26. dxe5 Nxe5 27.
Ne2 Nd7 28. Nd3 Ne6 29. Qc3 Qb1+ 30. Kh2 Qb5 31. Nd4 Qc4 32. Qxc4 dxc4 33. Nb4
Ndxc5 34. Ndxc6 Nd3 35. Kg1 Nxb4 36. Nxb4 Kf8 37. Nd5 Nc5 38. Kf1 f5 39. Ke2
Kf7 40. f3 Ke6 41. Nc7+ Ke5 42. f4+ Kf6 43. Ne8+ Kg6 44. Nd6 c3 45. g4 fxg4 46.
hxg4 Kf6 47. Kd1 g5 48. Kc2 gxf4 49. exf4 Ne6 50. Ne4+ Kf7 51. f5 Ng7 52. Ng3
Kf6 53. Kxc3 h5 54. Ne4+ Kf7 55. Nd6+ Kf6 56. Ne4+ Kf7 57. gxh5 Nxf5 58. Kc4
Kg7 1/2-1/2

[Event "FIDE World Cup"]
[Site "Tbilisi"]
[Date "2017.09.05"]
[Round "1.4"]
[White "Erdos, Viktor"]
[Black "Amin, Bassem"]
[Result "1/2-1/2"]
[WhiteElo "2628"]
[BlackElo "2680"]
[PlyCount "62"]
[EventDate "2017.09.03"]
[EventType "k.o."]
[EventRounds "7"]
[EventCountry "GEO"]
[SourceTitle "CBM 181"]
[Source "ChessBase"]
[SourceDate "2017.11.10"]
[SourceVersion "1"]
[SourceVersionDate "2017.11.10"]
[SourceQuality "1"]

1. Nf3 Nf6 2. c4 g6 3. g3 Bg7 4. Bg2 O-O 5. O-O d6 6. d4 Nc6 7. Nc3 a6 8. Qd3
e5 9. dxe5 dxe5 10. Qxd8 Rxd8 11. Bg5 Re8 12. Nd2 Nd4 13. Rfd1 Ne6 14. Bxf6
Bxf6 15. Rac1 Kg7 16. c5 Nxc5 17. Nd5 Ne6 18. Nxc7 Nxc7 19. Rxc7 Rd8 20. Bxb7
Bxb7 21. Rxb7 e4 22. Kf1 Rd5 23. Ke1 Rad8 24. Rc7 Bxb2 25. Rc2 Be5 26. Rdc1 f5
27. e3 g5 28. h3 h5 29. Ke2 g4 30. hxg4 hxg4 31. Nb3 R8d7 1/2-1/2

[Event "FIDE World Cup"]
[Site "Tbilisi"]
[Date "2017.09.05"]
[Round "1.4"]
[White "Fier, Alexandr"]
[Black "Bacrot, Etienne"]
[Result "1/2-1/2"]
[WhiteElo "2579"]
[BlackElo "2715"]
[PlyCount "98"]
[EventDate "2017.09.03"]
[EventType "k.o."]
[EventRounds "7"]
[EventCountry "GEO"]
[SourceTitle "CBM 181"]
[Source "ChessBase"]
[SourceDate "2017.11.10"]
[SourceVersion "1"]
[SourceVersionDate "2017.11.10"]
[SourceQuality "1"]

1. d4 d5 2. c4 e6 3. Nc3 Be7 4. cxd5 exd5 5. Bf4 c6 6. e3 Bf5 7. g4 Be6 8. h4
Nd7 9. h5 Nh6 10. Be2 f5 11. gxf5 Bxf5 12. Bd3 Bg5 13. Nge2 O-O 14. Rg1 Bxf4
15. Nxf4 Qe7 16. Qc2 Bxd3 17. Nxd3 Rf5 18. O-O-O Rxh5 19. Ne2 Rg5 20. Rh1 Re8
21. Nef4 Nf6 22. Ne5 Ne4 23. Nf3 Rg4 24. Ne5 Rg5 25. Rdg1 Nf7 26. Rxg5 Qxg5 27.
f3 Nf6 28. Ng4 Rxe3 29. Nxe3 Qxf4 30. Qe2 Ng5 31. Kb1 Nxf3 32. Nc2 Qe4 33. Qxe4
dxe4 34. Ne3 h5 35. Nf5 g6 36. Ne3 Ng4 37. Nd1 Kf7 38. Kc2 Kf6 39. b4 Kf5 40.
Kc3 Kf4 41. b5 cxb5 42. Nb2 h4 43. a4 a6 44. axb5 axb5 45. Kb4 Nf2 46. Rf1 e3
47. Kxb5 Nxd4+ 48. Kc5 Nf3 49. Kd5 h3 1/2-1/2

[Event "FIDE World Cup"]
[Site "Tbilisi"]
[Date "2017.09.05"]
[Round "1.4"]
[White "Fressinet, Laurent"]
[Black "Lenic, Luka"]
[Result "1/2-1/2"]
[WhiteElo "2650"]
[BlackElo "2646"]
[PlyCount "72"]
[EventDate "2017.09.03"]
[EventType "k.o."]
[EventRounds "7"]
[EventCountry "GEO"]
[SourceTitle "CBM 181"]
[Source "ChessBase"]
[SourceDate "2017.11.10"]
[SourceVersion "1"]
[SourceVersionDate "2017.11.10"]
[SourceQuality "1"]

1. e4 c5 2. Nf3 Nc6 3. Nc3 e5 4. Bc4 Be7 5. d3 d6 6. Nd2 Nf6 7. Nf1 Nd7 8. Ne3
Nb6 9. Ncd5 O-O 10. O-O Nxd5 11. Nxd5 Be6 12. f4 exf4 13. Bxf4 Nb4 14. Nxb4
cxb4 15. Bxe6 fxe6 16. Qg4 Qd7 17. e5 d5 18. Bh6 Bc5+ 19. d4 Bb6 20. Bd2 a5 21.
c3 bxc3 22. bxc3 Rxf1+ 23. Rxf1 Rf8 24. Rf6 Re8 25. h4 Bd8 26. Rf3 Rf8 27.
Rxf8+ Kxf8 28. h5 Qf7 29. Bg5 Bxg5 30. Qxg5 Ke8 31. h6 gxh6 32. Qxh6 Kd7 33.
Qc1 Qh5 34. Qa3 Qd1+ 35. Kf2 Qd2+ 36. Kg3 Qe3+ 1/2-1/2

[Event "FIDE World Cup"]
[Site "Tbilisi"]
[Date "2017.09.05"]
[Round "1.4"]
[White "Goganov, Aleksey"]
[Black "Andreikin, Dmitry"]
[Result "0-1"]
[WhiteElo "2586"]
[BlackElo "2706"]
[PlyCount "86"]
[EventDate "2017.09.03"]
[EventType "k.o."]
[EventRounds "7"]
[EventCountry "GEO"]
[SourceTitle "CBM 181"]
[Source "ChessBase"]
[SourceDate "2017.11.10"]
[SourceVersion "1"]
[SourceVersionDate "2017.11.10"]
[SourceQuality "1"]

1. e4 e5 2. Nf3 Nf6 3. Nxe5 d6 4. Nf3 Nxe4 5. Nc3 Nxc3 6. dxc3 Be7 7. Be3 O-O
8. Qd2 Nd7 9. O-O-O c6 10. Kb1 d5 11. Nd4 Re8 12. h4 Nb6 13. b3 c5 14. Ne2 d4
15. cxd4 Nd5 16. Bg5 f6 17. Bf4 c4 18. Nc3 cxb3 19. axb3 Bb4 20. Bc4 Be6 21.
Bxd5 Bxd5 22. Qd3 Bxc3 23. Qxc3 a5 24. Bc7 Qd7 25. Bxa5 Qb5 26. Bb4 Rec8 27.
Qd2 Be4 28. Rc1 Qa6 29. Ba5 Qxa5 30. Qxa5 Rxa5 31. f3 Bg6 32. Kb2 Rca8 33. c4
Ra2+ 34. Kc3 Rxg2 35. h5 Bf5 36. d5 Kf7 37. c5 Rg3 38. Ra1 Rxf3+ 39. Kb4 Rf4+
40. Kb5 Rc8 41. Ra7 Bd3+ 42. Kb6 Rb4+ 43. Ka5 Rb5+ 0-1

[Event "FIDE World Cup"]
[Site "Tbilisi"]
[Date "2017.09.05"]
[Round "1.4"]
[White "Grachev, Boris V"]
[Black "Melkumyan, Hrant"]
[Result "1-0"]
[WhiteElo "2654"]
[BlackElo "2642"]
[PlyCount "61"]
[EventDate "2017.09.03"]
[EventType "k.o."]
[EventRounds "7"]
[EventCountry "GEO"]
[SourceTitle "CBM 181"]
[Source "ChessBase"]
[SourceDate "2017.11.10"]
[SourceVersion "1"]
[SourceVersionDate "2017.11.10"]
[SourceQuality "1"]

1. d4 d5 2. c4 e6 3. Nc3 Nf6 4. cxd5 Nxd5 5. e4 Nxc3 6. bxc3 c5 7. Rb1 Be7 8.
Bc4 O-O 9. Ne2 Nc6 10. O-O b6 11. Be3 Bb7 12. Nf4 Rc8 13. Nxe6 fxe6 14. Bxe6+
Kh8 15. Bxc8 Qxc8 16. Qa4 Na5 17. dxc5 Bc6 18. Qd1 Bxe4 19. Rb4 Ba8 20. Rg4
bxc5 21. Bg5 Nc6 22. Qe2 Bd6 23. Rd1 Ne5 24. Rg3 Qc6 25. Bf4 Qe8 26. Rxd6 Nf3+
27. Kf1 Qa4 28. Bh6 gxh6 29. gxf3 Qf4 30. Qe7 Qc4+ 31. Kg1 1-0

[Event "FIDE World Cup"]
[Site "Tbilisi"]
[Date "2017.09.05"]
[Round "1.4"]
[White "Hovhannisyan, Robert"]
[Black "Rodshtein, Maxim"]
[Result "1/2-1/2"]
[WhiteElo "2606"]
[BlackElo "2695"]
[PlyCount "93"]
[EventDate "2017.09.03"]
[EventType "k.o."]
[EventRounds "7"]
[EventCountry "GEO"]
[SourceTitle "CBM 181"]
[Source "ChessBase"]
[SourceDate "2017.11.10"]
[SourceVersion "1"]
[SourceVersionDate "2017.11.10"]
[SourceQuality "1"]

1. e4 e5 2. Nf3 Nc6 3. Bc4 Bc5 4. d3 Nf6 5. Nc3 d6 6. Na4 Bb6 7. O-O Na5 8. Bd5
O-O 9. a3 Be6 10. Bxe6 fxe6 11. b4 Nc6 12. c3 Qd7 13. Nb2 a6 14. Nc4 Ba7 15. a4
b5 16. Ne3 d5 17. Re1 Bxe3 18. Bxe3 dxe4 19. dxe4 Qxd1 20. Rexd1 Nxe4 21. Rdc1
Nd6 22. Ng5 Rfe8 23. axb5 Nxb5 24. g3 a5 25. bxa5 Rxa5 26. Kg2 Nd6 27. Rxa5
Nxa5 28. Rd1 Nac4 29. Bc5 h6 30. Nf3 Rb8 31. Ra1 Rb5 32. Ra8+ Kh7 33. Ba3 Rd5
34. Ra4 c5 35. Ng1 e4 36. Bc1 Rd1 37. Ne2 e5 38. g4 Re1 39. Ra2 Rd1 40. h4 Rd3
41. g5 Nf5 42. gxh6 Nxh4+ 43. Kh2 Nf3+ 44. Kg2 Nh4+ 45. Kh2 Nf3+ 46. Kg2 Nh4+
47. Kh2 1/2-1/2

[Event "FIDE World Cup"]
[Site "Tbilisi"]
[Date "2017.09.05"]
[Round "1.4"]
[White "Howell, David"]
[Black "Tari, Aryan"]
[Result "1/2-1/2"]
[WhiteElo "2702"]
[BlackElo "2591"]
[PlyCount "100"]
[EventDate "2017.09.03"]
[EventType "k.o."]
[EventRounds "7"]
[EventCountry "GEO"]
[SourceTitle "CBM 181"]
[Source "ChessBase"]
[SourceDate "2017.11.10"]
[SourceVersion "1"]
[SourceVersionDate "2017.11.10"]
[SourceQuality "1"]

1. c4 e5 2. Nc3 Nf6 3. Nf3 Nc6 4. e3 Bb4 5. Qc2 Bxc3 6. Qxc3 Qe7 7. Be2 d5 8.
d4 exd4 9. Nxd4 Nxd4 10. Qxd4 c5 11. Qh4 dxc4 12. Qxc4 O-O 13. O-O b6 14. Rd1
a5 15. Qb3 Qc7 16. f3 Be6 17. Qc2 Nd5 18. a3 Rfd8 19. Bf1 Qe5 20. e4 Ne7 21. f4
Qc7 22. f5 Rxd1 23. Qxd1 Bd7 24. Bg5 f6 25. Bh4 Nc6 26. Bg3 Qd8 27. Qd5+ Kh8
28. Bb5 Qc8 29. Qd6 h6 30. Re1 Ra7 31. h3 Nd4 32. Bxd7 Rxd7 33. Qxb6 Rb7 34.
Qa6 Qd7 35. Qxa5 Rxb2 36. Qxc5 Ne2+ 37. Kh2 Qd3 38. Qf2 Qxe4 39. a4 Qd3 40. Qf3
Qxf3 41. gxf3 Nd4+ 42. Kh1 Ra2 43. Re4 Rxa4 44. Be1 Ra1 45. Rxd4 Rxe1+ 46. Kg2
Re5 47. Rf4 Kh7 48. Kg3 h5 49. h4 Kh6 50. Kf2 g5 1/2-1/2

[Event "FIDE World Cup"]
[Site "Tbilisi"]
[Date "2017.09.05"]
[Round "1.4"]
[White "Karthikeyan, Murali"]
[Black "Vallejo Pons, Francisco"]
[Result "1/2-1/2"]
[WhiteElo "2579"]
[BlackElo "2717"]
[PlyCount "116"]
[EventDate "2017.09.03"]
[EventType "k.o."]
[EventRounds "7"]
[EventCountry "GEO"]
[SourceTitle "CBM 181"]
[Source "ChessBase"]
[SourceDate "2017.11.10"]
[SourceVersion "1"]
[SourceVersionDate "2017.11.10"]
[SourceQuality "1"]

1. e4 e5 2. Nf3 Nf6 3. Nxe5 d6 4. Nf3 Nxe4 5. Nc3 Nf6 6. d4 Be7 7. d5 O-O 8. h3
Nbd7 9. Be2 Nc5 10. Nd2 h6 11. O-O Bf5 12. Bf3 Re8 13. g4 Bh7 14. b4 Ncd7 15.
a3 a5 16. Rb1 axb4 17. axb4 Nb6 18. Bg2 Nfd7 19. f4 Bf6 20. Nde4 Na4 21. Nxf6+
Nxf6 22. Nxa4 Rxa4 23. f5 Nd7 24. Qd3 Kh8 25. Bf4 f6 26. Qg3 Ra2 27. Rf2 Ne5
28. h4 Nf7 29. Qb3 Qa8 30. Qc4 Re7 31. Rbf1 Qa7 32. Kh1 Ra1 33. Kh2 Rxf1 34.
Rxf1 Bg8 35. Qd3 Qb6 36. c3 Qa7 37. Qg3 Bh7 38. g5 hxg5 39. hxg5 fxg5 40. Bc1
Qa2 41. Bxg5 Nxg5 42. Qxg5 Qe2 43. f6 gxf6 44. Qxf6+ Rg7 45. Rf2 Qe7 46. Qf4
Qg5 47. Qxg5 Rxg5 48. Ra2 b6 49. Ra7 Rg7 50. Bh3 Bg8 51. Ra8 Kh7 52. c4 b5 53.
cxb5 Bxd5 54. Rc8 Kg6 55. Rd8 Kf6 56. b6 cxb6 57. Rxd6+ Ke5 58. Rxb6 Rb7
1/2-1/2

[Event "FIDE World Cup"]
[Site "Tbilisi"]
[Date "2017.09.05"]
[Round "1.4"]
[White "Nepomniachtchi, Ian"]
[Black "Palac, Mladen"]
[Result "1/2-1/2"]
[WhiteElo "2751"]
[BlackElo "2525"]
[PlyCount "63"]
[EventDate "2017.09.03"]
[EventType "k.o."]
[EventRounds "7"]
[EventCountry "GEO"]
[SourceTitle "CBM 181"]
[Source "ChessBase"]
[SourceDate "2017.11.10"]
[SourceVersion "1"]
[SourceVersionDate "2017.11.10"]
[SourceQuality "1"]

1. e4 c5 2. Nf3 d6 3. d4 cxd4 4. Nxd4 Nf6 5. Nc3 a6 6. Nb3 e6 7. g4 b5 8. Bg2
Bb7 9. g5 Nfd7 10. a3 Be7 11. O-O Nc6 12. f4 O-O 13. Qh5 g6 14. Qh6 Re8 15. Be3
Rc8 16. Rad1 b4 17. axb4 Nxb4 18. Rf2 Qc7 19. Qh3 Bf8 20. Rdf1 Bg7 21. f5 Ne5
22. fxe6 fxe6 23. Nd4 Qd7 24. Rd1 Re7 25. Nb3 Qc7 26. Nd4 Qd7 27. Qg3 Rf8 28.
Rxf8+ Kxf8 29. Bh3 Qe8 30. b3 Kg8 31. Nde2 Nxc2 32. Rxd6 1/2-1/2

[Event "FIDE World Cup"]
[Site "Tbilisi"]
[Date "2017.09.05"]
[Round "1.4"]
[White "Nguyen, Ngoc Truong Son"]
[Black "Adhiban, Baskaran"]
[Result "1/2-1/2"]
[WhiteElo "2629"]
[BlackElo "2677"]
[PlyCount "141"]
[EventDate "2017.09.03"]
[EventType "k.o."]
[EventRounds "7"]
[EventCountry "GEO"]
[SourceTitle "CBM 181"]
[Source "ChessBase"]
[SourceDate "2017.11.10"]
[SourceVersion "1"]
[SourceVersionDate "2017.11.10"]
[SourceQuality "1"]

1. Nf3 d5 2. d4 c6 3. c4 e6 4. Nc3 Nf6 5. cxd5 exd5 6. Bg5 Be7 7. Qc2 g6 8. e3
Bf5 9. Bd3 Bxd3 10. Qxd3 Nbd7 11. Bh6 Ng4 12. Bf4 O-O 13. O-O Re8 14. Rab1 a5
15. Qc2 Nb6 16. h3 Nf6 17. Ne5 Nfd7 18. Nd3 Nc4 19. Rbc1 Bg5 20. b3 Ncb6 21.
Bh2 Be7 22. Qb2 Ra7 23. Rb1 Nf8 24. Qc2 Nc8 25. Rfe1 Bd6 26. Ne5 f6 27. Nf3
Bxh2+ 28. Nxh2 Nd6 29. e4 dxe4 30. Nxe4 Ra8 31. Nc5 b6 32. Rxe8 Nxe8 33. Na4
Rc8 34. Ng4 h5 35. Ne3 Kg7 36. Rd1 Nd6 37. Qd3 Nd7 38. d5 c5 39. Nc3 Ne5 40.
Qe2 Qd7 41. Nc4 Nexc4 42. bxc4 Re8 43. Qd3 Qf5 44. Qxf5 gxf5 45. Na4 Nxc4 46.
Rc1 Re4 47. Nc3 Re5 48. Nb5 Nd2 49. Nc7 Ne4 50. Rb1 c4 51. Rxb6 Nd2 52. g3 Re1+
53. Kg2 Ne4 54. Ne6+ Kh6 55. Nd4 Kg6 56. Rc6 c3 57. f3 Rd1 58. Ne2 Rd2 59. Kf1
Rd1+ 60. Kg2 Rd2 61. fxe4 Rxe2+ 62. Kf3 Rxe4 63. Rxc3 Rd4 64. Rc5 Rd3+ 65. Kf4
a4 66. Ra5 h4 67. gxh4 Rxh3 68. d6 Rxh4+ 69. Ke3 Kf7 70. d7 Ke7 71. Rxf5
1/2-1/2

[Event "FIDE World Cup"]
[Site "Tbilisi"]
[Date "2017.09.05"]
[Round "1.4"]
[White "Pourramezanali, Amirreza"]
[Black "Yu, Yangyi"]
[Result "0-1"]
[WhiteElo "2533"]
[BlackElo "2744"]
[PlyCount "80"]
[EventDate "2017.09.03"]
[EventType "k.o."]
[EventRounds "7"]
[EventCountry "GEO"]
[SourceTitle "CBM 181"]
[Source "ChessBase"]
[SourceDate "2017.11.10"]
[SourceVersion "1"]
[SourceVersionDate "2017.11.10"]
[SourceQuality "1"]

1. g3 d5 2. Bg2 g6 3. d3 Bg7 4. Nd2 c5 5. e4 dxe4 6. dxe4 Nc6 7. Ngf3 Nf6 8.
O-O O-O 9. Qe2 Qc7 10. c3 e5 11. a4 h6 12. Nc4 Be6 13. Nfd2 Rfe8 14. Re1 Rad8
15. Nf1 Bxc4 16. Qxc4 Na5 17. Qe2 Nb3 18. Rb1 Nxc1 19. Rbxc1 h5 20. Qb5 Bh6 21.
Rcd1 a6 22. Qc4 Qc6 23. a5 b5 24. axb6 Qxb6 25. Qa2 Kg7 26. Bf3 a5 27. Rb1 Rd6
28. Qc4 Rb8 29. Bd1 Qb5 30. Qa2 Qd3 31. Be2 Qxe4 32. Bc4 Qf5 33. h3 Ne4 34.
Rxe4 Qxe4 35. Bxf7 Rf8 36. Bc4 Rxf2 37. Kxf2 Rf6+ 38. Kg1 Be3+ 39. Nxe3 Qxe3+
40. Kh1 Rf2 0-1

[Event "FIDE World Cup"]
[Site "Tbilisi"]
[Date "2017.09.05"]
[Round "1.4"]
[White "Salgado Lopez, Ivan"]
[Black "Jobava, Baadur"]
[Result "1/2-1/2"]
[WhiteElo "2627"]
[BlackElo "2687"]
[PlyCount "136"]
[EventDate "2017.09.03"]
[EventType "k.o."]
[EventRounds "7"]
[EventCountry "GEO"]
[SourceTitle "CBM 181"]
[Source "ChessBase"]
[SourceDate "2017.11.10"]
[SourceVersion "1"]
[SourceVersionDate "2017.11.10"]
[SourceQuality "1"]

1. e4 e6 2. d4 d5 3. Nc3 dxe4 4. Nxe4 Bd7 5. Nf3 Bc6 6. Bd3 Nd7 7. Qe2 Ngf6 8.
Nxf6+ Nxf6 9. Bb5 Qd5 10. Bxc6+ Qxc6 11. O-O Bd6 12. c4 O-O 13. Re1 Rfe8 14.
Bg5 Be7 15. Ne5 Qd6 16. Rad1 Nd7 17. Qf3 f6 18. Nxd7 Qxd7 19. Be3 Bb4 20. Rf1
c6 21. a3 Bd6 22. h4 a5 23. h5 h6 24. Qg4 Qf7 25. Rfe1 a4 26. Re2 f5 27. Qf3 e5
28. dxe5 Bxe5 29. Bd4 Bxd4 30. Rxd4 Rxe2 31. Qxe2 Re8 32. Qf3 Qf6 33. Qc3 c5
34. Rd5 Qxc3 35. bxc3 Re1+ 36. Kh2 b6 37. Kg3 Re4 38. Rd6 Rxc4 39. Rxb6 Kh7 40.
f3 Rxc3 41. Rc6 Rc4 42. Ra6 Rd4 43. Ra5 Rc4 44. Ra6 Kg8 45. Ra7 Kf8 46. Kh3 Rd4
47. Ra5 c4 48. Rxa4 Ke7 49. Kg3 Kd6 50. Kf2 f4 51. Ke2 Kc5 52. Ra7 Kb6 53. Ra4
Kb5 54. Rb4+ Kc5 55. Rb7 Kc6 56. Rb4 Kc5 57. Rb7 Rd5 58. Rxg7 c3 59. Rc7+ Kd4
60. Kd1 Kd3 61. Kc1 Rg5 62. Rd7+ Kc4 63. Rc7+ Kd3 64. Rd7+ Ke3 65. Kc2 Rxg2+
66. Kxc3 Kxf3 67. Rd6 Rg5 68. Rxh6 Rf5 1/2-1/2

[Event "FIDE World Cup"]
[Site "Tbilisi"]
[Date "2017.09.05"]
[Round "1.4"]
[White "Sevian, Samuel"]
[Black "Nisipeanu, Liviu Dieter"]
[Result "1-0"]
[WhiteElo "2620"]
[BlackElo "2687"]
[PlyCount "70"]
[EventDate "2017.09.03"]
[EventType "k.o."]
[EventRounds "7"]
[EventCountry "GEO"]
[SourceTitle "CBM 181"]
[Source "ChessBase"]
[SourceDate "2017.11.10"]
[SourceVersion "1"]
[SourceVersionDate "2017.11.10"]
[SourceQuality "1"]

1. e4 c6 2. d4 d5 3. e5 Bf5 4. Nf3 e6 5. Be2 c5 6. Be3 cxd4 7. Nxd4 Ne7 8. c4
Nbc6 9. Qa4 a6 10. Nc3 dxc4 11. O-O-O Qa5 12. Qxa5 Nxa5 13. Nxf5 Nxf5 14. Bb6
Nc6 15. f4 Rc8 16. Bxc4 Bb4 17. Bb3 Ba5 18. Bf2 h5 19. Kb1 Bxc3 20. bxc3 b5 21.
Bb6 O-O 22. Rd7 Rb8 23. Bf2 Na5 24. h3 Rfc8 25. g4 Nh6 26. g5 Nf5 27. g6 Nxb3
28. gxf7+ Kf8 29. axb3 Nh6 30. Ba7 Ra8 31. Bd4 Rc6 32. Rg1 Nxf7 33. Rg6 Rd8 34.
Rb7 Nh8 35. Rgxg7 a5 1-0